[Event "Gaprindashvili Cup Open II Stage 2020"]
[Site "Online"]
[Date "2020.11.08"]
[Round "9.12"]
[White "Tsereteli, Tornike"]
[Black "Mindiashvili, Tengiz"]
[Result "0-1"]
[WhiteElo "1765"]
[BlackElo "1923"]
[Annotator "ChessBase"]
[PlyCount "92"]
[EventDate "2020.11.04"]
[EventType "swiss"]
[SourceTitle "playchess.com"]
[Source "ChessBase"]
[SourceQuality "1"]
[TimeControl "1500+5"]

1. e4 {[%emt 0:00:03]} e5 {[%emt 0:00:18]} 2. Nf3 {[%emt 0:00:07]} Nc6 {[%emt 0:00:02]} 3. Bc4 {[%emt 0:00:01]} Bc5 {[%emt 0:00:07]} 4. c3 {[%emt 0:00:06]} Nf6 {[%emt 0:00:03]} 5. d3 {[%emt 0:00:05]} d6 {[%emt 0:00:03]} 6. h3 {[%emt 0:00:04]} Bb6 {[%emt 0:00:11]} 7. O-O {[%emt 0:00:02]} Ne7 {[%emt 0:00:02]} 8. Re1 {[%emt 0:00:15]} Ng6 {[%emt 0:00:02]} 9. d4 {[%emt 0:00:05]} O-O {[%emt 0:00:07]} 10. a4 {[%emt 0:00:19]} a6 {[%emt 0:00:07]} 11. a5 {[%emt 0:00:03]} Ba7 {[%emt 0:00:02]} 12. Nbd2 {[%emt 0:00:18]} c6 {[%emt 0:00:07]} 13. Bb3 {[%emt 0:00:10]} h6 {[%emt 0:00:07]} 14. Nf1 {[%emt 0:00:03]} Re8 {[%emt 0:00:04]} 15. dxe5 {[%emt 0:00:06]} dxe5 {[%emt 0:00:10]} 16. Be3 {[%emt 0:00:02]} Bxe3 {[%emt 0:00:43]} 17. Rxe3 {[%emt 0:00:07]} Be6 {[%emt 0:00:54]} 18. Ng3 {[%emt 0:00:06]} Qxd1+ {[%emt 0:00:13]} 19. Bxd1 {[%emt 0:00:07]} Rad8 {[%emt 0:00:05]} 20. Bc2 {[%emt 0:00:04]} Nd7 {[%emt 0:01:32]} 21. Rd1 {[%emt 0:00:20]} Nb8 {[%emt 0:00:32]} 22. b4 {[%emt 0:00:56]} Rxd1+ {[%emt 0:03:12]} 23. Bxd1 {[%emt 0:00:03]} Rd8 {[%emt 0:00:01]} 24. Bc2 {[%emt 0:00:11]} f6 {[%emt 0:00:03]} 25. Rd3 {[%emt 0:00:40]} Rc8 {[%emt 0:00:41]} 26. Rd6 {[%emt 0:00:15]} Nf4 {[%emt 0:00:49]} 27. Nh4 {[%emt 0:03:07]} Kh7 {[%emt 0:01:22]} 28. Kf1 {[%emt 0:02:12]} c5 {[%emt 0:00:23]} 29. Ne2 {[%emt 0:00:04]} Bc4 {[%emt 0:00:10]} 30. Bd1 {[%emt 0:00:03]} cxb4 {[%emt 0:00:06]} 31. cxb4 {[%emt 0:00:03]} Nc6 {[%emt 0:01:29]} 32. Nf5 {[%emt 0:00:19]} Bxe2+ {[%emt 0:00:27]} 33. Bxe2 {[%emt 0:00:05]} Nd4 {[%emt 0:00:02]} 34. Bd1 {[%emt 0:00:39]} Rc1 {[%emt 0:00:58]} 35. Ke1 {[%emt 0:00:07]} Nxf5 {[%emt 0:01:43]} 36. exf5 {[%emt 0:00:10]} Rb1 {[%emt 0:00:05]} 37. g3 {[%emt 0:01:40]} Nxh3 {[%emt 0:00:11]} 38. Kd2 {[%emt 0:00:10]} Nxf2 {[%emt 0:00:20]} 39. Bf3 {[%emt 0:00:31]} Rxb4 {[%emt 0:01:01]} 40. Ke3 {[%emt 0:00:15]} Ng4+ {[%emt 0:01:35]} 41. Ke2 {[%emt 0:00:29]} h5 {[%emt 0:00:26]} 42. Rb6 {[%emt 0:00:07]} Ra4 {[%emt 0:00:06]} 43. Bxb7 {[%emt 0:00:37]} Ra2+ {[%emt 0:00:10]} 44. Kd3 {[%emt 0:00:10]} Rxa5 {[%emt 0:00:03]} 45. Ke4 {[%emt 0:00:21]} Rb5 {[%emt 0:00:16]} 46. Rxb5 {[%emt 0:00:09]} axb5 {[%emt 0:00:02]} 0-1

[Event "Gaprindashvili Cup Open II Stage 2020"]
[Site "Online"]
[Date "2020.11.08"]
[Round "9.14"]
[White "Elashvili, Giorgi"]
[Black "Kachkachishvili, Lasha"]
[Result "1/2-1/2"]
[WhiteElo "1857"]
[BlackElo "1681"]
[Annotator "NA"]
[PlyCount "32"]
[EventDate "2020.11.04"]
[EventType "swiss"]
[SourceTitle "playchess.com"]
[Source "ChessBase"]
[SourceQuality "1"]
[TimeControl "1500+5"]

1. Nf3 {[%emt 0:00:13]} Nf6 {[%emt 0:00:11]} 2. g3 {[%emt 0:00:02]} e6 {[%emt 0:00:05]} 3. Bg2 {[%emt 0:00:02]} d5 {[%emt 0:00:01]} 4. O-O {[%emt 0:00:02]} Be7 {[%emt 0:00:02]} 5. c4 {[%emt 0:00:11]} O-O {[%emt 0:00:02]} 6. d4 {[%emt 0:00:05]} dxc4 {[%emt 0:00:02]} 7. Qc2 {[%emt 0:00:09]} a6 {[%emt 0:00:02]} 8. Qxc4 {[%emt 0:00:12]} b5 {[%emt 0:00:02]} 9. Qc2 {[%emt 0:00:02]} Bb7 {[%emt 0:00:01]} 10. Bf4 {[%emt 0:00:08]} Nc6 {[%emt 0:00:05]} 11. Nbd2 {[%emt 0:00:50]} Rc8 {[%emt 0:01:03]} 12. a3 {[%emt 0:01:14]} Nxd4 {[%emt 0:01:27]} 13. Nxd4 {[%emt 0:00:04]} Bxg2 {[%emt 0:00:04]} 14. Nxe6 {[%emt 0:00:52]} Qd5 {[%emt 0:01:18]} 15. Nxf8 {[%emt 0:00:34]} Bxf1 {[%emt 0:00:11]} 16. Nxf1 {[%emt 0:00:12]} Bxf8 {[%emt 0:00:12]} 1/2-1/2

[Event "Gaprindashvili Cup Open II Stage 2020"]
[Site "Online"]
[Date "2020.11.08"]
[Round "9.15"]
[White "Didmanidze, Tengiz"]
[Black "Patsia, Zviad"]
[Result "1-0"]
[WhiteElo "1922"]
[BlackElo "2204"]
[Annotator "TA"]
[PlyCount "155"]
[EventDate "2020.11.04"]
[EventType "swiss"]
[SourceTitle "playchess.com"]
[Source "ChessBase"]
[SourceQuality "1"]

{[%evp 15,155,10,23,10,64,60,50,0,5,-49,-31,-82,-35,-32,-38,-40,-36,-57,-40,-57,-58,-59,-26,-45,-18,-47,-23,-28,15,-30,7,-33,-35,-33,-38,-35,-8,-26,48,46,90,93,79,0,0,0,0,0,0,-88,0,0,0,0,24,4,24,23,35,9,30,0,0,0,0,-48,-22,-57,0,0,0,0,0,0,50,8,23,29,1186,1305,1302,1287,1293,1267,1248,1187,10852,8843,3589,4185,1514,737,717,723,1144,891,868,831,29963,29966,29964,29965,29959,29961,29970,29971,29970,29972,29973,29973,29974,29975,29975,29976,29976,29977,29981,29982,29983,29981,29981,29982,29983,29976,29978,29977,29977,29975,29975,29976,29985,29976,29976,29976,29982,29983,29989,29984,29985,29985,29986,29987]} 1. d4 d5 2. c4 e6 3. Nf3 Nf6 4. Nc3 Bb4 5. Bg5 Nbd7 6. e3 c5 7. cxd5 exd5 8. Bb5 Qa5 9. Bxd7+ {D38: Queen's Gambit Declined: Ragozin Defence (4 Nf3 Bb4).} Bxd7 (9... Nxd7 $11 10. O-O Bxc3 11. bxc3 O-O) 10. O-O $14 {Hoping for Bxf6.} Bxc3 11. bxc3 {White is slightly better.} (11. Bxf6 $5 gxf6 12. bxc3 $14) 11... Ne4 12. dxc5 (12. Qb3 $11 Bc6 13. dxc5) 12... Qxc5 $15 13. Qd4 (13. Bf4 $15) 13... O-O (13... f6 {feels hotter.} 14. Qxc5 Nxc5 15. Bh4 Ne4 16. Rfb1 b6) 14. Qxc5 Nxc5 {[#]} 15. Rfd1 $146 ({Predecessor:} 15. Be7 Rfc8 16. Rfd1 Be6 17. Bxc5 Rxc5 18. Rab1 b6 19. Nd4 Rxc3 20. h3 h6 21. Kh2 {0-1 (39) Martin,A (2375)-Rogers,I (2530) London 1987}) 15... Be6 16. Bf4 Rfc8 17. Be5 f6 18. Bd4 Ne4 19. Rdc1 Rc6 20. h3 b6 21. a4 Rac8 {[%cal Re4c3]} 22. Ra3 Kf7 23. Ne1 Nd2 24. Nd3 Nc4 25. Ra2 g5 26. g4 {[#]} Kg6 (26... h5 $1 $11 {[%mdl 512]}) 27. f4 $14 {aiming for f5+.} f5 28. Rg2 {Threatens to win with gxf5+.} h6 29. Ne5+ ({White should play} 29. Rf1 $16) 29... Nxe5 $11 30. Bxe5 Rc4 31. a5 b5 32. a6 (32. Rf1 $11 {remains equal.}) 32... Ra4 ({Black should try} 32... b4 $17 {White must now prevent ...gxf4.} 33. fxg5 hxg5) 33. Rb1 Bd7 34. Rd1 Bc6 35. Bd4 fxg4 36. hxg4 Rxa6 37. Rh2 {f5+ is the strong threat.} Be8 38. f5+ Kh7 39. Rh3 Ra2 40. Bf6 {[#]} b4 $1 {[%mdl 512] With the idea ...Rc4.} 41. cxb4 Rcc2 (41... Rc4 $15 42. Rg3 Ba4) 42. Bxg5 h5 43. Bf6 Rg2+ {[%mdl 64] Double Attack} 44. Kh1 {And now Ra1 would win.} Rxg4 (44... d4 $5) 45. Rh2 (45. Rg1 $5 {[%cal Rg1g4]} Rxb4 46. Rhg3 $11) 45... Ra3 46. Bd4 ({But not} 46. Rxd5 $2 Rxe3 47. Rhd2 Rh3+ 48. Rh2 Rhg3 $19) 46... Bd7 $2 {[%mdl 8192] This move loses the game for Black.} (46... Kh6 $11) 47. Rxh5+ $18 Kg8 48. Rh8+ Kf7 49. Rh7+ Ke8 50. f6 Rxd4 51. exd4 {[%mdl 4096] Endgame KRR-KRB} Bf5 52. Re7+ Kf8 53. Re5 (53. Rf1 $142 Be4+ 54. Kh2) 53... Be4+ 54. Kh2 Rf3 55. Ra1 Rxf6 56. Rxa7 Rb6 57. Rh5 {[%cal Rh5h8] White mates.} Kg8 58. Rg5+ Kf8 59. Rgg7 Rxb4 60. Rgb7 Rxb7 61. Rxb7 {KR-KB. Cut Off at move 61} Ke8 62. Kg3 Kd8 63. Kf4 Kc8 64. Rg7 Bh1 65. Ke5 Be4 66. Kd6 Bh1 67. Rh7 Be4 68. Rf7 Bg2 69. Rf8+ Kb7 70. Rf2 Be4 71. Kd7 Kb6 72. Rb2+ Ka7 73. Kc7 {[%cal Rb2a2]} Ka6 74. Kc6 {[%cal Rb2a2]} Ka7 75. Rb5 Bf3 76. Rxd5 Kb8 {[#]} 77. Kd6 $1 Bxd5 78. Kxd5 {NOTEXT-5218: White=0.22/Black=0.40} 1-0

[Event "Gaprindashvili Cup Open II Stage 2020"]
[Site "Online"]
[Date "2020.11.08"]
[Round "9.17"]
[White "Liponava, Zurab"]
[Black "Chanturia, Lasha"]
[Result "0-1"]
[WhiteElo "1800"]
[BlackElo "1761"]
[Annotator "NA"]
[PlyCount "104"]
[EventDate "2020.11.04"]
[EventType "swiss"]
[SourceTitle "playchess.com"]
[Source "ChessBase"]
[SourceQuality "1"]
[TimeControl "1500+5"]

1. e4 {[%emt 0:00:00]} c5 {[%emt 0:00:06]} 2. Nf3 {[%emt 0:00:06]} e6 {[%emt 0:00:02]} 3. d4 {[%emt 0:00:03]} cxd4 {[%emt 0:00:01]} 4. Nxd4 {[%emt 0:00:02]} a6 {[%emt 0:00:02]} 5. Nc3 {[%emt 0:00:19]} Qc7 {[%emt 0:00:02]} 6. Be2 {[%emt 0:00:16]} Nf6 {[%emt 0:00:03]} 7. O-O {[%emt 0:00:09]} Nc6 {[%emt 0:00:04]} 8. Be3 {[%emt 0:00:09]} b5 {[%emt 0:00:09]} 9. Nxc6 {[%emt 0:01:29]} dxc6 {[%emt 0:00:03]} 10. a3 {[%emt 0:00:57]} Be7 {[%emt 0:00:07]} 11. f4 {[%emt 0:00:03]} Bb7 {[%emt 0:00:12]} 12. e5 {[%emt 0:00:16]} Nd5 {[%emt 0:00:05]} 13. Nxd5 {[%emt 0:00:04]} cxd5 {[%emt 0:00:04]} 14. Bd4 {[%emt 0:00:08]} Rc8 {[%emt 0:00:08]} 15. c3 {[%emt 0:00:04]} Bc5 {[%emt 0:00:18]} 16. Bd3 {[%emt 0:00:25]} Qb6 {[%emt 0:00:18]} 17. Kh1 {[%emt 0:00:09]} g6 {[%emt 0:00:12]} 18. Be2 {[%emt 0:02:42]} Rc7 {[%emt 0:01:16]} 19. Qd2 {[%emt 0:00:29]} O-O {[%emt 0:00:15]} 20. f5 {[%emt 0:00:28]} Bxd4 {[%emt 0:00:17]} 21. cxd4 {[%emt 0:00:04]} exf5 {[%emt 0:00:07]} 22. Rf4 {[%emt 0:00:31]} f6 {[%emt 0:00:14]} 23. exf6 {[%emt 0:00:41]} Qxf6 {[%emt 0:00:05]} 24. g4 {[%emt 0:00:11]} Qg5 {[%emt 0:00:50]} 25. Raf1 {[%emt 0:00:10]} Rcf7 {[%emt 0:00:08]} 26. Qc1 {[%emt 0:02:15]} Qe7 {[%emt 0:00:13]} 27. Bd1 {[%emt 0:03:05]} fxg4 {[%emt 0:01:13]} 28. Rxf7 {[%emt 0:00:20]} Rxf7 {[%emt 0:00:04]} 29. Rxf7 {[%emt 0:00:25]} Kxf7 {[%emt 0:00:15]} 30. Qf4+ {[%emt 0:00:24]} Kg7 {[%emt 0:00:04]} 31. Bxg4 {[%emt 0:00:39]} Qe4+ {[%emt 0:00:07]} 32. Qxe4 {[%emt 0:00:03]} dxe4 {[%emt 0:00:03]} 33. Kg1 {[%emt 0:00:10]} h5 {[%emt 0:01:04]} 34. Bd7 {[%emt 0:00:14]} g5 {[%emt 0:00:07]} 35. Be8 {[%emt 0:00:20]} Kh6 {[%emt 0:00:17]} 36. Kf2 {[%emt 0:00:09]} g4 {[%emt 0:00:10]} 37. Ke3 {[%emt 0:00:39]} Kg5 {[%emt 0:00:44]} 38. Bd7 {[%emt 0:00:46]} h4 {[%emt 0:00:31]} 39. Be6 {[%emt 0:00:27]} g3 {[%emt 0:00:21]} 40. hxg3 {[%emt 0:00:20]} hxg3 {[%emt 0:00:04]} 41. d5 {[%emt 0:00:25]} Kf6 {[%emt 0:00:11]} 42. Bh3 {[%emt 0:01:23]} Bxd5 {[%emt 0:00:04]} 43. Kf4 {[%emt 0:00:16]} a5 {[%emt 0:02:05]} 44. Bf1 {[%emt 0:01:27]} b4 {[%emt 0:00:30]} 45. Bh3 {[%emt 0:01:06]} e3 {[%emt 0:00:46]} 46. Kxg3 {[%emt 0:00:21]} Ke5 {[%emt 0:00:12]} 47. Bf1 {[%emt 0:00:17]} Kd4 {[%emt 0:00:16]} 48. Kf4 {[%emt 0:00:18]} Bc4 {[%emt 0:00:14]} 49. Bxc4 {[%emt 0:00:22]} Kxc4 {[%emt 0:00:04]} 50. Kxe3 {[%emt 0:00:03]} Kb3 {[%emt 0:00:02]} 51. Kd2 {[%emt 0:01:57]} Kxb2 {[%emt 0:00:05]} 52. axb4 {[%emt 0:00:09]} axb4 {[%emt 0:00:03]} 0-1